| 000 | 01115cad a22002295a 4500 | ||
|---|---|---|---|
| 001 | L153393 | ||
| 008 | 110720s2011 xxk f 000 0 eng d | ||
| 035 | _a(Sirsi) u153393 | ||
| 041 | 0 | _aeng | |
| 110 | 2 |
_aOffice of Fair Trading _91355 |
|
| 245 | 0 | 0 |
_aEvaluating the impact of the OFT's consumer enforcement case against Foxtons in respect of commission terms in letting agreements _h[electronic resource] |
| 260 |
_aLondon _bOFT _c2011 |
||
| 505 | 2 | _aExecutive summary -- Introduction and background -- Evidence on impacts of Foxton case -- Consumer benefits -- Conclusions | |
| 520 | _aEvaluates the impact of Office of Fair Trade (OFT) v Foxtons (L147997) with a view to estimating the benefits delivered to consumers. | ||
| 590 | _aKA | ||
| 650 | 2 | 4 | _aUNFAIR TERMS IN CONSUMER CONTRACTS REGULATIONS 1999 |
| 650 | 2 | 4 | _aOFFICE OF FAIR TRADING V FOXTONS LTD |
| 651 | 4 | _aENGLAND AND WALES | |
| 690 | _aPROPERTY-PROPERTY MANAGEMENT-MANAGING AGENTS | ||
| 856 | 4 | 0 |
_uhttps://www.oft.gov.uk/shared_oft/reports/Evaluating-OFTs-work/OFT1346eval.pdf _zView the item free of charge at www.oft.gov.uk |
| 942 | _n0 | ||
| 999 |
_c112492 _d112492 |
||